000 01299cam a2200337 4500
001 1258357
003 OSt
005 20230608093311.0
008 700813r19691955enkab b 001 0 eng
010 _a 73489324
040 _aDLC
_cDLC
_dDLC
043 _af-et---
050 0 0 _aDT390.G2
_bH8 1969
082 0 0 _a972.9
_bHUN
100 1 _aHuntingford, George Wynn Brereton.
245 1 4 _aThe Galla of Ethiopia:
_bthe Kingdoms of Kafa and Janjero,
_cby G. W. B. Huntingford.
260 _aLondon,
_bInternational African Institute
_c[1969]
300 _a158 p.
_billus., maps (part fold.)
_c24 cm.
490 1 _aEthnographic survey of Africa: North-eastern Africa,
_vpt. 2
500 _aReprint of 1955 ed., with supplementary bibliography.
500 _aPages 157-158, advertising matter.
504 _aIncludes bibliographical references (p. 145-149) and index.
650 0 _aOromo (African people)
650 0 _aKaffa (African people)
_xHistory.
650 0 _aYemma (African people)
_xHistory.
710 2 _aThomas Leiper Kane Collection (Library of Congress. Hebraic Section)
_5DLC
830 0 _aEthnographic survey of Africa.
_pNorth-eastern Africa ;
_vpt. 2.
906 _a7
_bcbc
_corignew
_d2
_encip
_f19
_gy-gencatlg
942 _2ddc
_cBK
999 _c833
_d833